Loading...
| Beliefs | 2 | 5.00 | 0% | 300% | 0% |
| Fine Arts - Auditory | 1 | 10.00 | 0% | 0% | 600% |
| Fine Arts - Other Arts | 1 | 0.00 | 0% | 0% | 0% |
| Fine Arts - Visual | 3 | 10.00 | 0% | 200% | 400% |
| Geography | 1 | 0.00 | 0% | 0% | 0% |
| History - American | 3 | 13.33 | 1,200% | 200% | 400% |
| History - European | 2 | 10.00 | 0% | 300% | 300% |
| History - World | 3 | 10.00 | 1,200% | 400% | 0% |
| Literature - American | 2 | 15.00 | 3,600% | 0% | 300% |
| Literature - British | 4 | 12.50 | 1,800% | 300% | 150% |
| Other Arts: Auditory | 2 | 15.00 | 1,800% | 300% | 300% |
| Other Arts: Visual | 1 | 20.00 | 0% | 600% | 600% |
| Other Science: Computer Science | 1 | 0.00 | 0% | 0% | 0% |
| Other Science: Earth Science | 1 | 10.00 | 3,600% | 0% | 0% |
| Philosophy | 3 | 10.00 | 1,200% | 200% | 200% |
| Science - Biology | 3 | 16.67 | 1,200% | 600% | 200% |
| Science - Chemistry | 1 | 10.00 | 0% | 600% | 0% |
| Science - Physics | 5 | 10.00 | 1,440% | 120% | 240% |
| Social Science | 3 | 10.00 | 0% | 200% | 400% |
| 5 | 16.00 | 2,160% | 240% | 360% |